Country Confusion - Statistics

General Stats
  • This quiz has been taken 62,528 times
    61,473 since last reset
  • The average score is 13 of 15
Answer Stats
Question Answer % Correct
Which one has the kangaroos? Australia
99%
Which one has volcanoes? Iceland
98%
Which one is NOT in Africa? Papua New Guinea
98%
Which one is in South America? Guyana
97%
Which one has a higher population? Nigeria
96%
Which one shares an island with Haiti? Dominican Republic
92%
Which one is nearly surrounded by Senegal? Gambia
92%
Which one is in the Sahara Desert? Mali
92%
Which one is landlocked? Paraguay
89%
Which one borders the Adriatic Sea? Slovenia
88%
Which one has a higher elevation? Liechtenstein
85%
Kinshasa is the capital of ... Democratic Republic of the Congo
83%
Which one is further East? Oman
82%
Which one is NOT a monarchy? Benin
75%
Which one has the Tigris and Euphrates rivers? Iraq
74%
No matching quizzes found
Score Distribution
Percent of People with Each Score
Percentile by Number Answered
Your Score History
You have not taken this quiz since the last reset